| 000 | 00421nam a2200181Ia 4500 | ||
|---|---|---|---|
| 005 | 20250423095728.0 | ||
| 008 | 250422s9999 xx 000 0 und d | ||
| 020 | _a0-88730-765-5 | ||
| 050 | _aHC 79H53 | ||
| 100 | _aGeoffrey A. Moore | ||
| 245 | 0 | _aInside The Tornado | |
| 260 | _aNew York | ||
| 260 | _bHarper Business | ||
| 260 | _c1995 | ||
| 300 | _a244 p | ||
| 650 | _aHigh technology industry | ||
| 942 | _cBK | ||
| 999 |
_c31156 _d31156 |
||